000 00324nab a22001097u 4500
008 130520b1988 xxu||||| |||| 00| 0 spa d
041 _aspa
100 1 _aMieth, Dietmar
_912231
245 0 0 _a¿Futuro con "SIDA"? Un desafío (I)
_cDietmar Mieth
773 0 _tConcilium
_gV.1,1988,págs.157-160
_x0210-1041
_wRev134
942 _cAR
999 _c355379
_d355379